Concepts of programming languages

Guardado en:
Detalles Bibliográficos
Autor principal: Sebesta, Robert W (Autor)
Formato: Libro
Lenguaje:inglés
Publicado: Redwood City The Benjamin Cummings 1989
Colección:The Benjamin. Cummings Series in Computer Science
Materias:
Etiquetas: Agregar Etiqueta
Sin Etiquetas, Sea el primero en etiquetar este registro!

MARC

LEADER 00000nam a2200000 a 4500
001 UCV5569
003 CL-VaPUC
008 911108e19890000US |||||||||||||||||eng|d
082 0 4 |a 005.262  |b SEB  |2 21 
100 0 |a Sebesta, Robert W  |e author  |9 299875 
245 1 0 |a Concepts of programming languages 
300 |a 497 p 
942 |c BK 
945 |d 19911108 00:00:00 
260 |a Redwood City  |b The Benjamin Cummings  |c 1989 
650 7 |a LENGUAJES DE PROGRAMACION COMPUTADORES ELECTRONICOS  |2 CL-VaPUC  |9 262382 
650 7 |a COMPUTADORES PROGRAMACION  |2 CL-VaPUC  |9 260190 
583 |a last modification  |c 19911108 00:00:00  |k Rodrigo Vera 
490 0 |a The Benjamin. Cummings Series in Computer Science 
999 |c 212040  |d 212038 
952 |0 0  |1 0  |4 0  |6 005_262000000000000_SEB_1989  |7 0  |8 A  |9 192381  |a BIBING  |b BIBING  |d 2019-11-14  |i 2598248  |o 005.262 SEB 1989  |p 2598248  |r 2025-01-20  |w 2019-11-14  |y BK  |k CCI